Специфіка перекладу американської поезії на прикладі віршів Френка Охари (Запис № 285961)

МАРК-запис
000 -Лідер
fixed length control field 01474nam a22002297a 4500
001 - Контрольний номер
control field 216222738
003 - Ідентифікатор контрольного номера
control field UA-OsUOA
005 - Дата та час останнього входження (трансакції)
control field 20220825142914.0
008 - Елементи даних фіксованої довжини – загальна інформація
fixed length control field 220825b un ||||f |||| 00| 0 ukr d
040 ## - Джерело каталогізації
Агенція оригінальної каталогізації UA-OsUOA
Мова каталогізації ukr
Агенція, яка здійснювала перезапис UA-OsUOA
Агенція, яка здійснювала модифікацію UA-OsUOA
041 ## - Код мови
Код мови тексту/ звукової доріжки чи окремого заголовка (П) ukr
080 ## - Індекс Універсальної десяткової класифікації
Індекс Універсальної десяткової класифікації (УДК) (НП) 81'25
090 ## - Локальний шифр розміщення
Класифікаційний індекс УДК 81'25
Авторський знак (НП) Г12
100 ## - Основне введення – ім’я особи
Ім’я особи (НП) Гайдай В. О.
245 ## - Відомості про назву
Назва (НП) Специфіка перекладу американської поезії на прикладі віршів Френка Охари
Дані про відповідальність (НП) Гайдай В. О.
260 ## - Публікація, розповсюдження і т.п. (Вихідні дані)
Місце публікації, розповсюдження і т.п. (П) Острог
Ім’я/ наймення видавництва, розповсюджувача і т.п. (П) КАФ
Дата публікації, розповсюдження і т.п. (П) 2017
300 ## - Фізичний опис
Обсяг 48 с.
520 ## - Резюме і т.п.
Резюме, реферат, анотація, тощо (НП) Вступ.<br/>Розділ І. Специфіка перекладу англійської поезії.<br/>1.1. Поняття та характеристика поетичних творів<br/>1.2. Особливості перекладу тексту<br/>1.3. Проблеми при перекладі<br/>1.4. Поняття репрезентативності перекладу<br/>Розділ ІІ. Особливості перекладу американських поезій Френка Охари.<br/>2.1. Лінгвістична характеристика поезії Френка Охари<br/>2.2. Репрезентативність перекладу поезії Френка Охари<br/>Висновки.<br/>Список використаних джерел.
650 ## - Додаткове предметне введення – тематичний термін
Тематичний термін чи географічна назва, як елемент введення (НП) 81'25 Перекладознавство
Джерело заголовка чи терміна UDC
942 ## - Додаткові елементи входу (Коха)
Тип елемента Koha Книги
Source of classification or shelving scheme Universal Decimal Classification
955 ## - Код типу видання за змістом
Код типу видання за змістом (НП) Наукові видання
Фонди
Стан вилучень Стан втрат Джерело класифікації або схеми стелажів Стан уражень Не для кредиту Постійне місце розташування Поточне розміщення Дата придбання Джерело придбання Вартість, звичайна ціна покупки Повний номер виклику Штрих-код Дата останнього перегляду Вартість, ціна заміни Ціна ефективна від Тип елемента Koha Примітка, призначена для загального доступу
    Universal Decimal Classification     ВІЛ - Відділ іноземн. літератури НБ ВІЛ - Відділ іноземн. літератури НБ 27/06/2017 Акт №02/17 1.00 81'25 Г12 216023 10/11/2021 1.00 27/06/2017 Книги Дипломна робота (бакалавр)